La court permanente de justice internationale / (Record no. 137501)

MARC details
000 -LEADER
campo de control de longitud fija 00500nam a2200157 4500
001 - NÚMERO DE CONTROL
campo de control 137501
003 - IDENTIFICADOR DE NÚMERO DE CONTROL
campo de control ES-MaACL
005 - FECHA Y HORA DE LA ÚLTIMA TRANSACCIÓN
campo de control 20250820063043.0
007 - CAMPO FIJO DE DESCRIPCIÓN FÍSICA--INFORMACIÓN GENERAL
campo de control de longitud fija t|
008 - DATOS DE LONGITUD FIJA--INFORMACIÓN GENERAL
campo de control de longitud fija 070214s1923 ne r ||||1| fre d
100 1# - ENTRADA PRINCIPAL--NOMBRE DE PERSONA
Nombre de persona Sánchez de Bustamante y Sirvén, Antonio,
Fechas asociadas al nombre 1865-1951
9 (RLIN) 102572
245 13 - MENCIÓN DEL TÍTULO
Título La court permanente de justice internationale /
Mención de responsabilidad, etc. Antonio Sánchez de Bustamante y Sirvén.
260 ## - PUBLICACIÓN, DISTRIBUCIÓN, ETC.
Lugar de publicación, distribución, etc. La Haye :
Nombre del editor, distribuidor, etc. Nijhoff,
Fecha de publicación, distribución, etc. 1923.
852 ## - LOCALIZACIÓN
Ubicación ES-MaACL
Número de control de estantería 1655-F-4
Holdings
Estatus retirado Estado de pérdida Estado de daño No para préstamo Colección Biblioteca de origen Biblioteca actual Ubicación en estantería Fecha de adquisición Fuente de adquisición Total de préstamos Signatura topográfica completa Código de barras Visto por última vez Precio de reemplazo Tipo de ítem Koha
        Colección de folletos Biblioteca del Ateneo de Madrid Biblioteca del Ateneo de Madrid Depósito folletos 17/01/2008     1655-F-4 1143089 23/02/2023 23/02/2023 Folleto